000 00480nam a2200145 4500
999 _c6274
_d6274
008 170220b xxu||||| |||| 00| 0 eng d
082 _aDPer 910.5 T69 Jan-Aug 2015 v. 1-4
100 _918878
_aGalvez, Guia
245 _aSomething old something New Zealand/
_cGuia Galvez.
260 _aPhilippines:
_bOne Mega Group,
_c©2015.
300 _av3, pages 50-57:
_billustrations;
_c28 cm.
500 _aTravel Now.
650 0 _918879
_aTourist trade
_zNew Zealand
942 _2ddc
_cPER